Microsoft Power BI Dashboards - Step by Step (Record no. 43163)
[ view plain ]
| 000 -LEADER | |
|---|---|
| fixed length control field | 00495nam a22001697a 4500 |
| 005 - DATE AND TIME OF LATEST TRANSACTION | |
| control field | 20241203160210.0 |
| 008 - FIXED-LENGTH DATA ELEMENTS--GENERAL INFORMATION | |
| fixed length control field | 241203b |||||||| |||| 00| 0 eng d |
| 020 ## - INTERNATIONAL STANDARD BOOK NUMBER | |
| International Standard Book Number | 9789353944933 |
| 041 ## - LANGUAGE CODE | |
| Language code of text/sound track or separate title | Eng |
| 082 ## - DEWEY DECIMAL CLASSIFICATION NUMBER | |
| Classification number | 001.4226 CON |
| 100 ## - MAIN ENTRY--PERSONAL NAME | |
| Author | O'Connor, Errin |
| 245 ## - TITLE STATEMENT | |
| Title | Microsoft Power BI Dashboards - Step by Step |
| 260 ## - PUBLICATION, DISTRIBUTION, ETC. | |
| Place | Noida |
| Publisher | Microsoft |
| Publication Year | 2020 |
| 300 ## - PHYSICAL DESCRIPTION | |
| Extent | 286;. P. |
| 650 ## - SUBJECT ADDED ENTRY--TOPICAL TERM | |
| Subject | Microsoft Power BI ; Microsoft Excel; Business intelligence; Information visualization |
| 942 ## - ADDED ENTRY ELEMENTS (KOHA) | |
| Koha item type | Books |
| Withdrawn status | Lost status | Source of classification or shelving scheme | Damaged status | Not for loan | Home library | Current library | Shelving location | Accession Date | Vendor | Price | Bill number | Total Checkouts | Full call number | Barcode No | Date last seen | Date last checked out | Bill Date | Koha item type |
|---|---|---|---|---|---|---|---|---|---|---|---|---|---|---|---|---|---|---|
| Dewey Decimal Classification | IMTN | IMTN | Rack 3-A | 12/03/2024 | Amazon.com | 508.00 | BOM5-6323708 | 1 | 005.54 CON | 33575 | 10/09/2025 | 12/05/2024 | 11/30/2024 | Books |